[Event "zonal 1.6"]
[Site "Samara RUS"]
[Date "2000.06.23"]
[Round "7"]
[White "Galliamova-Ivanchuk, Alisa"]
[Black "Smikovsky, Ivan"]
[Result "1-0"]
[WhiteElo "2515"]
[BlackElo "2492"]
[EventDate "2000.06.03"]
[PlyCount "57"]

1.Nf3 Nf6 2.g3 g6 3.Bg2 Bg7 4.O-O O-O 5.c4 d5 6.cxd5 Nxd5 7.d4 Nb6 8.Nc3 
Nc6 9.d5 Na5 10.Qc2 c6 11.dxc6 Nxc6 12.Rd1 Bf5 13.e4 Bd7 14.Nd5 Rc8 15.Bg5
Nxd5 16.exd5 Nd4 17.Qe4 Bf5 18.Qh4 Nxf3+ 19.Bxf3 Qa5 20.Bxe7 Bxb2 21.d6 
Qc3 22.Be4 Bxe4 23.Qxe4 Rc4 24.Qe2 Bxa1 25.Bxf8 Rd4 26.d7 Qc7 27.Rxd4 Bxd4
28.Qe8 Bxf2+ 29.Kg2 1-0

[Event "zonal 1.6"]
[Site "Samara RUS"]
[Date "2000.06.23"]
[Round "7"]
[White "Fominykh, Alexander"]
[Black "Maliutin, Evgeny"]
[Result "1-0"]
[WhiteElo "2551"]
[BlackElo "2451"]
[EventDate "2000.06.03"]
[PlyCount "73"]

1.d4 d5 2.c4 c6 3.e3 Bf5 4.cxd5 cxd5 5.Qb3 Qc7 6.Bd2 e6 7.Bb5+ Nc6 8.Bb4 
Bxb4+ 9.Qxb4 Ne7 10.Nf3 O-O 11.Qd2 Nb4 12.Na3 Qa5 13.O-O Rfc8 14.Rfc1 a6 
15.Be2 Qb6 16.Rc3 Rxc3 17.bxc3 Nbc6 18.c4 Qb4 19.Qc1 h6 20.cxd5 Nxd5 21.
Nc4 Rc8 22.a3 Qc3 23.Qf1 Rd8 24.Rc1 Qb3 25.e4 Bxe4 26.Nfd2 Qa2 27.Nxe4 
Nxd4 28.Bd3 b5 29.Ra1 Qb3 30.Rb1 bxc4 31.Rxb3 cxb3 32.g3 f5 33.Nc5 Nc3 34.
Qa1 Nde2+ 35.Bxe2 Nxe2+ 36.Kg2 Rb8 37.Qe5 1-0

[Event "zonal 1.6"]
[Site "Samara RUS"]
[Date "2000.06.23"]
[Round "7"]
[White "Khliyan, Eduard"]
[Black "Ivanov, Sergei"]
[Result "0-1"]
[WhiteElo "2454"]
[BlackElo "2543"]
[EventDate "2000.06.03"]
[PlyCount "96"]

1.Nf3 d5 2.c4 d4 3.b4 g6 4.Bb2 Bg7 5.e3 e5 6.Na3 Ne7 7.exd4 e4 8.Ng5 Nec6 
9.Nxe4 Qe7 10.Qe2 O-O 11.Nc2 Re8 12.d3 f5 13.b5 fxe4 14.bxc6 Nxc6 15.dxe4 
Qxe4 16.Qxe4 Rxe4+ 17.Kd2 Bf5 18.Bd3 Rf4 19.Rhf1 Bxd3 20.Kxd3 Nxd4 21.Nxd4
Bxd4 22.g3 Bxb2 23.gxf4 Rd8+ 24.Ke3 Bd4+ 25.Kf3 Bxa1 26.Rxa1 c5 27.Rb1 b6 
28.Ke3 Rd4 29.Rc1 Kf7 30.a4 Ke6 31.a5 Kf5 32.axb6 axb6 33.Rb1 Re4+ 34.Kf3 
Rxf4+ 35.Kg3 Rxc4 36.Rxb6 Ke5 37.Rb7 h5 38.Rg7 Rg4+ 39.Kf3 Kd4 40.h3 Rg1 
41.Ke2 c4 42.Rd7+ Kc3 43.f4 Rg3 44.Rd6 h4 45.Kf2 Kc2 46.f5 gxf5 47.Rd4 c3 
48.Rxh4 f4 0-1

[Event "zonal 1.6"]
[Site "Samara RUS"]
[Date "2000.06.23"]
[Round "7"]
[White "Kosyrev, Vladimir"]
[Black "Makarov, Marat"]
[Result "1/2-1/2"]
[WhiteElo "2474"]
[BlackElo "2513"]
[EventDate "2000.06.03"]
[PlyCount "21"]

1.d4 d5 2.c4 dxc4 3.e3 e6 4.Bxc4 c5 5.Nf3 a6 6.a4 Nf6 7.O-O Nc6 8.Qe2 cxd4
9.Rd1 Be7 10.exd4 O-O 11.Nc3 1/2-1/2

[Event "zonal 1.6"]
[Site "Samara RUS"]
[Date "2000.06.23"]
[Round "7"]
[White "Frolov, Denis"]
[Black "Volzhin, Alexander"]
[Result "0-1"]
[WhiteElo "2428"]
[BlackElo "2548"]
[EventDate "2000.06.03"]
[PlyCount "78"]

1.e4 c6 2.d4 d5 3.Nc3 dxe4 4.Nxe4 Bf5 5.Ng3 Bg6 6.h4 h6 7.Nf3 Nd7 8.h5 Bh7
9.Bd3 Bxd3 10.Qxd3 Ngf6 11.Bf4 Qa5+ 12.Bd2 Qc7 13.O-O-O e6 14.Ne4 O-O-O 
15.g3 Nxe4 16.Qxe4 Bd6 17.c4 c5 18.d5 Nf6 19.Qc2 exd5 20.cxd5 Rhe8 21.Bc3 
Qd7 22.Bxf6 gxf6 23.Kb1 Kb8 24.Nh4 Qg4 25.Qf5 Qe2 26.Rhe1 Qxe1 27.Rxe1 
Rxe1+ 28.Kc2 Re2+ 29.Kd3 Re5 30.Qxf6 Bc7 31.Qxh6 Rdxd5+ 32.Kc2 Re2+ 33.Kc1
a6 34.Qf8+ Rd8 35.Qxf7 Be5 36.Qb3 Rxf2 37.h6 c4 38.Qb6 Rdd2 39.h7 Rc2+ 0-1

[Event "zonal 1.6"]
[Site "Samara RUS"]
[Date "2000.06.23"]
[Round "7"]
[White "Ionov, Sergei"]
[Black "Sidorov, Anatoly"]
[Result "1/2-1/2"]
[WhiteElo "2558"]
[BlackElo "2339"]
[EventDate "2000.06.03"]
[PlyCount "156"]

1.d4 d5 2.c4 c6 3.Nc3 Nf6 4.Nf3 a6 5.e3 b5 6.b3 Bg4 7.Bd2 e6 8.h3 Bh5 9.g4
Bg6 10.Ne5 Nfd7 11.Nxg6 hxg6 12.Bg2 bxc4 13.bxc4 Nb6 14.c5 Nc4 15.O-O f5 
16.Be1 Nd7 17.Qd3 Nf6 18.f3 Qc7 19.Ne2 Be7 20.Bg3 Qc8 21.e4 O-O 22.Nf4 g5 
23.Ng6 Rf7 24.exf5 exf5 25.Rfe1 Bf8 26.Ne5 Nxe5 27.Rxe5 f4 28.Bf2 Nh7 29.
Rae1 Qd7 30.Qe2 Ra7 31.Bf1 Be7 32.Qc2 Nf8 33.Bd3 Ra8 34.Kg2 Bf6 35.Bf5 Qb7
36.Re8 Rxe8 37.Rxe8 Re7 38.Bc8 Qb5 39.Rxe7 Bxe7 40.a4 Qa5 41.Qe2 Kf7 42.
Qxa6 Qxa6 43.Bxa6 Ke8 44.Kf1 Kd7 45.Bd3 Bf6 46.Bf5+ Kc7 47.Ke2 Kb7 48.Kd2 
g6 49.Bc2 Ne6 50.Kd3 Ka6 51.Bd1 Bg7 52.Bc2 Bf6 53.Kc3 Nxc5 54.Bxg6 Kb6 55.
Be8 Nxa4+ 56.Kb3 Kb5 57.Bxc6+ Kxc6 58.Kxa4 Kb6 59.Kb4 Be7+ 60.Kb3 Kb5 61.
Be1 Bf6 62.Bc3 Be7 63.Bd2 Bd6 64.Bc1 Ka5 65.Kc3 Kb5 66.Kd3 Kc6 67.Bd2 Kb5 
68.Bc1 Kb4 69.Bb2 Be7 70.Bc3+ Kb5 71.Be1 Bd8 72.Bf2 Kc6 73.Bg1 Ba5 74.Bf2 
Bd8 75.Kc3 Kb5 76.Kb3 Bf6 77.Kc3 Bd8 78.Kb3 Bf6 1/2-1/2

[Event "zonal 1.6"]
[Site "Samara RUS"]
[Date "2000.06.23"]
[Round "7"]
[White "Lastin, Alexander"]
[Black "Kornev, Alexei"]
[Result "1-0"]
[WhiteElo "2510"]
[BlackElo "2384"]
[EventDate "2000.06.03"]
[PlyCount "89"]

1.Nf3 g6 2.d4 Bg7 3.c4 d6 4.Nc3 Nd7 5.e4 e5 6.Be2 c6 7.O-O Nh6 8.Rb1 O-O 
9.b4 f5 10.d5 cxd5 11.Bxh6 dxe4 12.Bxg7 Kxg7 13.Ne1 Nf6 14.Nb5 d5 15.cxd5 
Nxd5 16.Bc4 Be6 17.Qb3 Rf7 18.Rd1 Rd7 19.Qb2 Kf6 20.Nc2 Nf4 21.Rxd7 Qxd7 
22.Nba3 Bxc4 23.Nxc4 Nd3 24.Qa3 Rc8 25.N2e3 Qd4 26.b5 Ke6 27.Nd2 h5 28.
Qb3+ Ke7 29.b6 a6 30.Nd5+ Kf8 31.Nc7 Qd7 32.Nc4 Rd8 33.Na5 Rb8 34.Rd1 Ke7 
35.Nc4 Kf6 36.Ne3 Qd6 37.Qc3 f4 38.Ned5+ Kg7 39.f3 Nc5 40.Rc1 Na4 41.Qb3 
exf3 42.Qxa4 fxg2 43.Qe4 Rf8 44.Kxg2 Kh6 45.Qb4 1-0

[Event "zonal 1.6"]
[Site "Samara RUS"]
[Date "2000.06.23"]
[Round "7"]
[White "Varavin, Viktor"]
[Black "Tunik, Gennady"]
[Result "0-1"]
[WhiteElo "2410"]
[BlackElo "2442"]
[EventDate "2000.06.03"]
[PlyCount "80"]

1.e4 c5 2.Nf3 e6 3.d4 cxd4 4.Nxd4 Nc6 5.Nc3 Qc7 6.Be2 a6 7.O-O Nf6 8.Be3 
Be7 9.f4 d6 10.a4 O-O 11.Kh1 Re8 12.a5 Nxa5 13.e5 dxe5 14.fxe5 Nd7 15.Bd3 
g6 16.Qf3 Rf8 17.Qg3 Nc6 18.Nxc6 bxc6 19.Bf4 Nc5 20.b4 Nxd3 21.cxd3 c5 22.
Ne4 Bb7 23.Nf6+ Bxf6 24.exf6 Qc6 25.Rf3 Qd5 26.Re1 Kh8 27.Be5 g5 28.bxc5 
Rg8 29.Rb1 Qxc5 30.d4 Qc2 31.Rff1 Bd5 32.Rbc1 Qe2 33.Rfe1 Qh5 34.Rc7 Rgc8 
35.Qc3 Rxc7 36.Qxc7 h6 37.Qe7 Kg8 38.Rg1 a5 39.Bc7 a4 40.Bd6 Qg4 0-1

[Event "zonal 1.6"]
[Site "Samara RUS"]
[Date "2000.06.23"]
[Round "7"]
[White "Sergienko, Sergei"]
[Black "Tolstikh, Nikolai"]
[Result "0-1"]
[WhiteElo "2425"]
[BlackElo "2419"]
[EventDate "2000.06.03"]
[PlyCount "122"]

1.d4 d5 2.c4 c6 3.Nc3 Nf6 4.e3 e6 5.Nf3 Nbd7 6.Qc2 Bd6 7.Be2 O-O 8.O-O 
dxc4 9.Bxc4 Qe7 10.h3 a6 11.a3 b5 12.Ba2 c5 13.dxc5 Nxc5 14.e4 Ncd7 15.Bg5
Bb7 16.Rad1 Rfd8 17.Bb1 Ne5 18.Nh2 h6 19.Bxf6 gxf6 20.Qe2 Bc5 21.Qh5 Qf8 
22.Kh1 Qg7 23.f4 Qg6 24.Qh4 Nc4 25.Rxd8+ Rxd8 26.Ng4 Nd2 27.Rd1 Be7 28.Bc2
h5 29.f5 Qg5 30.Qxg5+ fxg5 31.Ne3 Kf8 32.fxe6 fxe6 33.Kg1 Bc5 34.Kf2 Ke7 
35.Ke2 Bxe3 36.Kxe3 Nc4+ 37.Ke2 Nxb2 38.Rxd8 Kxd8 39.Bb3 Ke7 40.Ke3 Kd6 
41.Nb1 a5 42.Nd2 a4 43.Ba2 Nd1+ 44.Kd4 e5+ 45.Kd3 h4 46.Bf7 Ba6 47.Nf3 b4+
48.Kd2 Nc3 49.axb4 Nxe4+ 50.Kc2 Be2 51.Ne1 Bb5 52.Bg6 Nf6 53.Nf3 e4 54.
Nxg5 Ke5 55.Nf7+ Kd4 56.Nd6 Bd3+ 57.Kc1 e3 58.Bf7 Nd5 59.Bxd5 Kxd5 60.Nb7 
a3 61.Nc5 Kc4 0-1

[Event "zonal 1.6"]
[Site "Samara RUS"]
[Date "2000.06.23"]
[Round "7"]
[White "Voitsekhovsky, Stanislav"]
[Black "Sultanov, Alexander"]
[Result "1-0"]
[WhiteElo "2546"]
[BlackElo "2294"]
[EventDate "2000.06.03"]
[PlyCount "147"]

1.e4 c5 2.Nf3 e6 3.d4 cxd4 4.Nxd4 Nf6 5.Nc3 d6 6.Be2 Be7 7.f4 O-O 8.O-O 
Nc6 9.Kh1 e5 10.Nb3 exf4 11.Bxf4 Be6 12.Qe1 Nd7 13.Rd1 Nde5 14.Nd5 Re8 15.
c4 b6 16.Qf2 Bf8 17.Nd2 Kh8 18.Nb1 Qb8 19.Nbc3 Qb7 20.b3 Rad8 21.Ne3 Qc8 
22.Bg3 Qb7 23.Rd2 Rd7 24.Rfd1 Red8 25.Nf5 Qb8 26.Bh4 f6 27.Bg3 Qb7 28.h3 
Qb8 29.Ne3 Qb7 30.Ned5 Bg8 31.Bh5 Qb8 32.Kg1 Qb7 33.Be2 Rb8 34.Ne3 Be6 35.
Nf5 Rbd8 36.Nb5 Qb8 37.Bf4 Ng6 38.Bg3 Nge5 39.Qe3 Kg8 40.Qf2 Kh8 41.Kh1 
Kg8 42.h4 Kh8 43.h5 Kg8 44.Bf4 Kh8 45.Qg3 g6 46.Nbd4 Nxd4 47.Nxd4 Re8 48.
Bxe5 dxe5 49.Nxe6 Rxd2 50.Rxd2 Rxe6 51.hxg6 Qc7 52.Qh3 Rd6 53.Rxd6 Bxd6 
54.Bg4 Bf8 55.Bf5 h6 56.Qd3 Qd6 57.Qd5 Qa3 58.Kh2 Qc5 59.Qb7 Bg7 60.Qxa7 
Qd6 61.Qa8+ Bf8 62.Qd5 Qe7 63.Qd7 Qxd7 64.Bxd7 Kg7 65.Bf5 Bc5 66.Kg3 Kf8 
67.Kf3 Ke8 68.Ke2 Ke7 69.Kd3 Ke8 70.Kc3 Bf8 71.b4 Kd8 72.Kb3 Kc7 73.Ka4 
Kc6 74.Be6 1-0

[Event "zonal 1.6"]
[Site "Samara RUS"]
[Date "2000.06.23"]
[Round "7"]
[White "Grechikhin, Valery"]
[Black "Yashtylov, Anatoly"]
[Result "1/2-1/2"]
[WhiteElo "2521"]
[BlackElo "2319"]
[EventDate "2000.06.03"]
[PlyCount "107"]

1.d4 d5 2.c4 Nc6 3.Nc3 Nf6 4.Nf3 dxc4 5.e3 Bg4 6.Bxc4 e6 7.h3 Bh5 8.Bb5 
Nd7 9.g4 Bg6 10.Bxc6 bxc6 11.Qa4 c5 12.Ne5 Bd6 13.Ke2 cxd4 14.exd4 c5 15.
Nxg6 fxg6 16.Ne4 O-O 17.Be3 cxd4 18.Qxd4 Be5 19.Qd2 Qc7 20.Rac1 Qb7 21.Rc4
Bxb2 22.Qb4 Qa6 23.Qa4 Qxa4 24.Rxa4 Nb6 25.Ra6 Nd5 26.Rb1 Rfb8 27.Rxe6 a5 
28.Rd1 Rd8 29.Kf3 a4 30.Bc5 Rd7 31.Bd6 Nf6 32.Rd2 Nxe4 33.Kxe4 Bf6 34.Kd5 
Kf7 35.Rde2 Rc8 36.f4 h6 37.f5 gxf5 38.gxf5 Rb7 39.Be5 Rb5+ 40.Kd6 Bxe5+ 
41.R2xe5 Rxe5 42.Kxe5 Rc5+ 43.Kf4 Rc2 44.a3 Rc3 45.Ra6 Rxa3 46.Ra7+ Kg8 
47.f6 gxf6 48.Kf5 Rxh3 49.Kxf6 Rf3+ 50.Kg6 Rg3+ 51.Kxh6 Ra3 52.Kg6 Kf8 53.
Kf6 Ke8 54.Ke5 1/2-1/2

[Event "zonal 1.6"]
[Site "Samara RUS"]
[Date "2000.06.23"]
[Round "7"]
[White "Alavkin, Arseny"]
[Black "Belitsky, Alexander"]
[Result "1-0"]
[WhiteElo "2397"]
[BlackElo "2306"]
[EventDate "2000.06.03"]
[PlyCount "91"]

1.e4 c5 2.Nf3 Nc6 3.Bb5 g6 4.O-O Bg7 5.Re1 Nf6 6.e5 Nd5 7.Nc3 Nc7 8.Bxc6 
bxc6 9.d3 O-O 10.Be3 Ne6 11.Qd2 f6 12.Bh6 fxe5 13.Nxe5 Nd4 14.Bxg7 Kxg7 
15.Ne2 Ne6 16.Qc3 Kg8 17.d4 Qb6 18.Rad1 d6 19.dxc5 Nxc5 20.Nf3 Ne4 21.Qd4 
Nf6 22.Ng3 Rf7 23.Ng5 Qxd4 24.Rxd4 Rg7 25.f4 Rb8 26.b3 h6 27.Ne6 Bxe6 28.
Rxe6 Kf7 29.Re1 Rb5 30.Ra4 a5 31.Rc4 c5 32.Ra4 Rb4 33.Rxa5 Rxf4 34.Ra7 Ke8
35.a4 Nd5 36.Ne4 Kf8 37.a5 Rgf7 38.a6 Ne3 39.Ra8+ Kg7 40.Ng3 Nxc2 41.a7 
Nxe1 42.Rb8 Rf2 43.a8=Q Rxg2+ 44.Kh1 h5 45.Rg8+ Kh6 46.Qe4 1-0

[Event "zonal 1.6"]
[Site "Samara RUS"]
[Date "2000.06.23"]
[Round "7"]
[White "Utnasunov, Alexander"]
[Black "Bocharov, Dmitry"]
[Result "1/2-1/2"]
[WhiteElo "2175"]
[BlackElo "2475"]
[EventDate "2000.06.03"]
[PlyCount "91"]

1.d4 Nf6 2.c4 e6 3.Nc3 Bb4 4.f3 O-O 5.e4 d5 6.cxd5 exd5 7.e5 Nfd7 8.f4 c5 
9.Nf3 Nc6 10.a3 Ba5 11.b4 cxb4 12.Nxd5 Nb6 13.Nxb4 Bg4 14.Bb2 Bxf3 15.Qxf3
Na4 16.Qb3 Nxb2 17.Qxb2 Qb6 18.Bd3 Rfd8 19.O-O-O Bxb4 20.axb4 Rxd4 21.b5 
Rb4 22.Qc3 Qe3+ 23.Qd2 Qd4 24.Bxh7+ Kxh7 25.Qc2+ Qe4 26.Qxe4+ Rxe4 27.bxc6
Rc8 28.Rd7 Rxc6+ 29.Kd2 Rxf4 30.Rxb7 Ra6 31.Ke3 Rf5 32.Ke4 Kg6 33.Rd1 Re6 
34.Rd5 Rf2 35.Rdd7 a5 36.h4 Re2+ 37.Kf3 R6xe5 38.Rxf7 R5e3+ 39.Kf4 Rf2+ 
40.Kxe3 Rxf7 41.h5+ Kf6 42.Rb6+ Kg5 43.Rb5+ Kh4 44.Rxa5 Kg4 45.Ke2 Kg3 46.
Rg5+ 1/2-1/2

[Event "zonal 1.6"]
[Site "Samara RUS"]
[Date "2000.06.24"]
[Round "8"]
[White "Tregubov, Pavel"]
[Black "Yakovich, Yury"]
[Result "1-0"]
[WhiteElo "2615"]
[BlackElo "2580"]
[EventDate "2000.06.03"]
[PlyCount "59"]

1.d4 d5 2.Nf3 e6 3.c4 dxc4 4.e4 b5 5.a4 c6 6.axb5 cxb5 7.b3 Bb7 8.bxc4 
Bxe4 9.cxb5 Nf6 10.Be2 Be7 11.O-O Nbd7 12.Nc3 Bb7 13.Ne5 Nxe5 14.dxe5 Nd7 
15.Bf3 Qc7 16.Bxb7 Qxb7 17.Qg4 Kf8 18.Qe4 Rb8 19.Qd4 Nb6 20.Ne4 h6 21.Be3 
g6 22.Nd6 Qd7 23.Rfd1 Kg7 24.Nf5+ gxf5 25.Qxd7 Nxd7 26.Rxd7 Rhe8 27.Raxa7 
Rxb5 28.h3 Bf8 29.Rxf7+ Kg8 30.Rf6 1-0

[Event "zonal 1.6"]
[Site "Samara RUS"]
[Date "2000.06.24"]
[Round "8"]
[White "Zviagintsev, Vadim"]
[Black "Sveshnikov, Evgeny"]
[Result "1/2-1/2"]
[WhiteElo "2641"]
[BlackElo "2541"]
[EventDate "2000.06.03"]
[PlyCount "37"]

1.d4 d5 2.c4 e6 3.Nc3 c6 4.e3 Nf6 5.Nf3 Nbd7 6.Qc2 Bd6 7.Bd3 O-O 8.O-O 
dxc4 9.Bxc4 b5 10.Be2 Bb7 11.Rd1 Qb8 12.Ne4 Nxe4 13.Qxe4 c5 14.Qh4 Nf6 15.
dxc5 Bxc5 16.b3 Be7 17.Bb2 Nd5 18.Qh5 b4 19.Rac1 1/2-1/2

[Event "zonal 1.6"]
[Site "Samara RUS"]
[Date "2000.06.24"]
[Round "8"]
[White "Kharlov, Andrei"]
[Black "Balashov, Yury"]
[Result "1-0"]
[WhiteElo "2616"]
[BlackElo "2534"]
[EventDate "2000.06.03"]
[PlyCount "99"]

1.d4 Nf6 2.c4 e6 3.Nc3 Bb4 4.Qc2 d5 5.cxd5 exd5 6.Bg5 h6 7.Bh4 c5 8.dxc5 
g5 9.Bg3 d4 10.O-O-O Qa5 11.Qa4+ Nc6 12.Qxa5 Nxa5 13.Rxd4 Bxc5 14.Rd1 O-O 
15.e3 Be6 16.Bd3 Rac8 17.Nge2 Nd5 18.Kb1 Nb4 19.Be4 f5 20.Bf3 f4 21.exf4 
Rfe8 22.Be4 Bxa2+ 23.Nxa2 Rxe4 24.Nec3 Rc4 25.fxg5 hxg5 26.Rhe1 Nxa2 27.
Nxa2 Bd4 28.Re7 Bf6 29.Re6 Kf7 30.Re2 R8c6 31.f3 Kg6 32.Be5 Re6 33.Rde1 b5
34.Bxf6 Rxf6 35.Nc3 b4 36.Nd5 Rd6 37.Re6+ Rxe6 38.Rxe6+ Kf7 39.Re7+ Kg6 
40.Ne3 Rc5 41.Rxa7 Nb3 42.Rd7 Re5 43.Rd3 Nc5 44.Rd6+ Kf7 45.Nc4 Re1+ 46.
Kc2 g4 47.Rd1 Re2+ 48.Rd2 Re1 49.Nd6+ Ke6 50.fxg4 1-0

[Event "zonal 1.6"]
[Site "Samara RUS"]
[Date "2000.06.24"]
[Round "8"]
[White "Popov, Valery"]
[Black "Shariazdanov, Andrei"]
[Result "1/2-1/2"]
[WhiteElo "2534"]
[BlackElo "2612"]
[EventDate "2000.06.03"]
[PlyCount "56"]

1.Nf3 c5 2.c4 Nc6 3.Nc3 g6 4.e3 Bg7 5.d4 d6 6.Be2 Nf6 7.d5 Na5 8.O-O O-O 
9.h3 e5 10.e4 b6 11.Bg5 h6 12.Bh4 Qe8 13.Nd2 Nh7 14.Bg3 Bd7 15.Bh2 h5 16.
Kh1 Bh6 17.Re1 Qe7 18.Bf1 Kh8 19.Rb1 Qf6 20.Qe2 Qg7 21.Nf3 f5 22.exf5 gxf5
23.Nb5 Bxb5 24.cxb5 Nf6 25.Rbd1 Nb7 26.Nh4 Qh7 27.Qc2 Ng8 28.f4 e4 1/2-1/2

[Event "zonal 1.6"]
[Site "Samara RUS"]
[Date "2000.06.24"]
[Round "8"]
[White "Volkov, Sergei"]
[Black "Fominykh, Alexander"]
[Result "1/2-1/2"]
[WhiteElo "2582"]
[BlackElo "2551"]
[EventDate "2000.06.03"]
[PlyCount "68"]

1.d4 d5 2.c4 dxc4 3.e4 Nf6 4.e5 Nd5 5.Bxc4 Nc6 6.Nc3 Nb6 7.Bb5 Bd7 8.Nf3 
e6 9.O-O Nb4 10.Be2 Bc6 11.a3 N4d5 12.Bd3 Qd7 13.Ng5 h6 14.Qh5 g6 15.Bxg6 
hxg5 16.Qxh8 fxg6 17.Bxg5 Qf7 18.Ne4 Kd7 19.Qh4 Re8 20.f3 Kc8 21.Rae1 Kb8 
22.g4 Bg7 23.Qg3 Rf8 24.Rf2 Nc8 25.h4 Nce7 26.Bd2 Bd7 27.Ng5 Qe8 28.Rh2 
Nc6 29.Re4 Qe7 30.Qf2 Be8 31.Qe2 Qd7 32.Qc4 a6 33.Kg2 Rh8 34.Kg3 Nd8 
1/2-1/2

[Event "zonal 1.6"]
[Site "Samara RUS"]
[Date "2000.06.24"]
[Round "8"]
[White "Ivanov, Sergei"]
[Black "Burmakin, Vladimir"]
[Result "1-0"]
[WhiteElo "2543"]
[BlackElo "2567"]
[EventDate "2000.06.03"]
[PlyCount "79"]

1.d4 c6 2.c4 d5 3.Nf3 Nf6 4.Nc3 a6 5.c5 g6 6.Bf4 Bg7 7.e3 Nh5 8.Be5 Nd7 9.
Bxg7 Nxg7 10.Be2 O-O 11.O-O Qc7 12.b4 f5 13.Qd2 e5 14.dxe5 Nxe5 15.Nd4 Be6
16.f4 Nd7 17.Rfd1 Rfe8 18.Rac1 Bf7 19.Bf3 Re7 20.Re1 Rae8 21.Na4 Nf8 22.
Nb2 h6 23.Nd3 g5 24.g3 Qc8 25.a4 Ng6 26.b5 axb5 27.axb5 Rf8 28.Nb4 Be8 29.
bxc6 bxc6 30.Ndxc6 Rc7 31.Qxd5+ Kh7 32.Ne5 Nxe5 33.Qxe5 Bh5 34.Bxh5 Nxh5 
35.Nd5 Rg7 36.c6 Re8 37.Nb6 Rxe5 38.Nxc8 Ra5 39.c7 Ra2 40.Nd6 1-0

[Event "zonal 1.6"]
[Site "Samara RUS"]
[Date "2000.06.24"]
[Round "8"]
[White "Dvoirys, Semen"]
[Black "Iliushin, Alexei"]
[Result "1/2-1/2"]
[WhiteElo "2591"]
[BlackElo "2515"]
[EventDate "2000.06.03"]
[PlyCount "69"]

1.e4 c5 2.Nf3 e6 3.d4 cxd4 4.Nxd4 Nf6 5.Nc3 d6 6.Be2 Be7 7.O-O O-O 8.f4 
Nc6 9.Kh1 Bd7 10.Nf3 Qc7 11.Bd3 Nb4 12.e5 dxe5 13.fxe5 Nfd5 14.Bg5 Bc6 15.
Ne4 Bxg5 16.Nexg5 h6 17.Qe1 Nxd3 18.cxd3 Nf4 19.Ne4 Nxd3 20.Qc3 Rad8 21.
Rad1 Nxb2 22.Rd4 Rxd4 23.Nxd4 Na4 24.Nf6+ gxf6 25.Qg3+ Kh7 26.Rxf6 Be4 27.
Qf4 Bg6 28.Nxe6 fxe6 29.Rxf8 Nb6 30.Rh8+ Kxh8 31.Qxh6+ Qh7 32.Qf8+ Qg8 33.
Qh6+ Bh7 34.Qf6+ Qg7 35.Qd8+ 1/2-1/2

[Event "zonal 1.6"]
[Site "Samara RUS"]
[Date "2000.06.24"]
[Round "8"]
[White "Volzhin, Alexander"]
[Black "Voitsekhovsky, Stanislav"]
[Result "1/2-1/2"]
[WhiteElo "2548"]
[BlackElo "2546"]
[EventDate "2000.06.03"]
[PlyCount "53"]

1.d4 Nf6 2.Nf3 e6 3.g3 b5 4.Bg2 Bb7 5.O-O c5 6.Bg5 Be7 7.dxc5 Bxc5 8.Nc3 
b4 9.Na4 Be7 10.c3 bxc3 11.Nxc3 Na6 12.Rc1 O-O 13.a3 Nc7 14.Ne5 Bxg2 15.
Kxg2 Ncd5 16.Nxd5 Nxd5 17.Bxe7 Qxe7 18.Qd4 f5 19.Kg1 a5 20.Rc2 Rfb8 21.
Rfc1 Qf6 22.e3 d6 23.Nc6 Qxd4 24.Nxd4 Kf7 25.Rd2 g6 26.Rcd1 Ra6 27.Nxe6 
1/2-1/2

[Event "zonal 1.6"]
[Site "Samara RUS"]
[Date "2000.06.24"]
[Round "8"]
[White "Bezgodov, Alexei"]
[Black "Aseev, Konstantin"]
[Result "1/2-1/2"]
[WhiteElo "2576"]
[BlackElo "2517"]
[EventDate "2000.06.03"]
[PlyCount "156"]

1.e4 c5 2.Nf3 d6 3.d4 cxd4 4.Nxd4 Nf6 5.Nc3 Nc6 6.f3 e6 7.Be3 Be7 8.Qd2 
O-O 9.O-O-O d5 10.Qe1 e5 11.Nxc6 bxc6 12.exd5 Nxd5 13.Bc4 Be6 14.Bf2 Qc7 
15.Ne4 f6 16.h4 a5 17.a4 Rfb8 18.Rd3 Rb4 19.Bb3 Bf7 20.g3 Rab8 21.Qd2 Qb7 
22.Kd1 h6 23.Bc5 Bxc5 24.Nxc5 Qa7 25.Qf2 Rd8 26.Kc1 Rbb8 27.Rhd1 Qe7 28.
R3d2 f5 29.Re1 Nf6 30.Bxf7+ Kxf7 31.Rxd8 Rxd8 32.Qe3 Rd5 33.Nd3 e4 34.g4 
Rd7 35.Qf4 Qd6 36.Qxd6 Rxd6 37.Ne5+ Ke6 38.Nc4 Rd4 39.gxf5+ Kxf5 40.fxe4+ 
Nxe4 41.b3 g5 42.hxg5 hxg5 43.Nxa5 c5 44.Rf1+ Ke6 45.Rg1 Kf5 46.Nc4 g4 47.
Ne3+ Kf4 48.Nxg4 Ng3 49.Rxg3 Kxg3 50.Ne5 Rd5 51.Nc4 Kf4 52.Kb2 Ke4 53.Nb6 
Rd6 54.a5 Kd4 55.c3+ Kd3 56.b4 cxb4 57.cxb4 Rh6 58.Kb3 Kd4 59.Ka4 Kc3 60.
Nd5+ Kd4 61.Ne7 Kc4 62.Nc8 Kd4 63.Na7 Kc4 64.Nb5 Kd5 65.Nc3+ Kc6 66.b5+ 
Kb7 67.Kb4 Rh1 68.a6+ Ka7 69.Ka5 Rh5 70.Na2 Rg5 71.Nb4 Rh5 72.Nc6+ Ka8 73.
Ne7 Ka7 74.Nc8+ Kb8 75.Ne7 Ka7 76.Nc8+ Kb8 77.Nd6 Ka7 78.Kb4 Kb6 1/2-1/2

[Event "zonal 1.6"]
[Site "Samara RUS"]
[Date "2000.06.24"]
[Round "8"]
[White "Meister, Yakov"]
[Black "Ibragimov, Ildar"]
[Result "0-1"]
[WhiteElo "2473"]
[BlackElo "2611"]
[EventDate "2000.06.03"]
[PlyCount "57"]

1.e4 e5 2.Nf3 Nc6 3.Bc4 Bc5 4.b4 Bb6 5.b5 Na5 6.Be2 Nf6 7.d3 a6 8.a4 d6 9.
c4 c6 10.Nc3 Bg4 11.Nd2 Be6 12.O-O O-O 13.Ba3 Bd4 14.Rc1 axb5 15.cxb5 Qe7 
16.Qc2 Nd7 17.Qb1 Nc5 18.Bd1 f5 19.Ne2 fxe4 20.Nxd4 exd4 21.Bxc5 dxc5 22.
Nxe4 b6 23.Re1 Bd5 24.bxc6 Qc7 25.Rc2 Nxc6 26.Rce2 Nb4 27.Bb3 Bxb3 28.
Qxb3+ Qf7 29.Qc2 0-1

[Event "zonal 1.6"]
[Site "Samara RUS"]
[Date "2000.06.24"]
[Round "8"]
[White "Rustemov, Alexander"]
[Black "Rashkovsky, Nukhim"]
[Result "1-0"]
[WhiteElo "2553"]
[BlackElo "2523"]
[EventDate "2000.06.03"]
[PlyCount "179"]

1.Nf3 Nf6 2.c4 e6 3.Nc3 Bb4 4.Qc2 O-O 5.a3 Bxc3 6.Qxc3 a5 7.b3 d6 8.g3 e5 
9.Bg2 c5 10.O-O Nc6 11.d3 Bg4 12.e3 Qd7 13.Bb2 Rab8 14.Rfe1 b5 15.Nd2 Bh3 
16.Bh1 h6 17.Rab1 Rb6 18.Qc2 Rfb8 19.Bc3 b4 20.axb4 axb4 21.Bb2 Ra6 22.Ra1
Rba8 23.Rxa6 Rxa6 24.Ra1 Rxa1+ 25.Bxa1 Qa7 26.Bb2 Qa6 27.Qb1 Kf8 28.Bf3 
Ke7 29.Be2 Qa8 30.Qa1 Qxa1+ 31.Bxa1 g5 32.f3 Be6 33.Kf2 d5 34.Bb2 d4 35.f4
gxf4 36.gxf4 exf4 37.exd4 cxd4 38.Nf3 Na5 39.Nxd4 Nd7 40.Bd1 Ne5 41.Be2 f3
42.Nxf3 Nxf3 43.Kxf3 Nxb3 44.Ke3 Nc5 45.Kd2 Bf5 46.Kc2 Ke6 47.Bd4 b3+ 48.
Kd2 Na4 49.Bd1 b2 50.Bc2 Bg6 51.Bb1 Kd6 52.Kc2 f5 53.Be3 h5 54.Kb3 Be8 55.
d4 Ke6 56.h4 Kf6 57.Bg5+ Ke6 58.Bd3 Bd7 59.Bf4 Be8 60.Kb4 Nb6 61.d5+ Kf7 
62.Kc5 Na4+ 63.Kd4 Kf6 64.Bb1 Bf7 65.Bg5+ Kg7 66.Bf4 Nb6 67.Kc5 Nd7+ 68.
Kb4 Kf6 69.Kb3 Ne5 70.Bg5+ Kg6 71.Ba2 Nf3 72.Bd8 f4 73.Bb1+ Kg7 74.Kxb2 
Ne5 75.Kc3 f3 76.Bb6 Ng4 77.Bd4+ Kf8 78.Be4 f2 79.Bg2 Bg6 80.Kd2 Be4 81.
Bh3 Bf3 82.Bc5+ Ke8 83.Bd6 Kd8 84.Bg3 Ke8 85.Kd3 Ke7 86.Bf1 Kf6 87.Kd4 Ke7
88.c5 Ke8 89.c6 Kd8 90.c7+ 1-0

[Event "zonal 1.6"]
[Site "Samara RUS"]
[Date "2000.06.24"]
[Round "8"]
[White "Kobalia, Mikhail"]
[Black "Kosyrev, Vladimir"]
[Result "1/2-1/2"]
[WhiteElo "2593"]
[BlackElo "2474"]
[EventDate "2000.06.03"]
[PlyCount "258"]

1.e4 e6 2.d4 d5 3.Nc3 Bb4 4.exd5 exd5 5.Bd3 Nc6 6.a3 Bxc3+ 7.bxc3 Nge7 8.
Qf3 Be6 9.Rb1 b6 10.Ne2 Qd7 11.Nf4 Bf5 12.O-O Bxd3 13.cxd3 O-O-O 14.Re1 
Qf5 15.g4 Qf6 16.Qg3 Kb7 17.a4 g5 18.Nh5 Qg6 19.f4 gxf4 20.Nxf4 Qd6 21.Nh5
Rhg8 22.h3 f5 23.Qxd6 Rxd6 24.g5 h6 25.h4 hxg5 26.Bxg5 Ng6 27.Nf6 Nxh4 28.
Nxg8 Nf3+ 29.Kf2 Nxe1 30.Bf6 Nxd3+ 31.Ke3 Na5 32.Kxd3 Nc4 33.Rg1 Re6 34.
Be5 Nxe5+ 35.dxe5 Rxe5 36.Nf6 Kc6 37.Rg5 Kd6 38.Nh5 Re4 39.a5 bxa5 40.Rxf5
c6 41.Rf7 c5 42.Ng3 Rg4 43.Ne2 Ra4 44.Rf6+ Ke5 45.Rc6 c4+ 46.Kd2 Ra2+ 47.
Kd1 Ra1+ 48.Kd2 Ra2+ 49.Ke3 Ra3 50.Rc5 a4 51.Ra5 Rb3 52.Kd2 Rb2+ 53.Kd1 
Ke4 54.Nc1 d4 55.Rxa4 Ke3 56.cxd4 Kxd4 57.Ne2+ Ke3 58.Ra3+ Ke4 59.Ng3+ Kd5
60.Ra5+ Kd4 61.Ne2+ Kd3 62.Rd5+ Ke3 63.Nc3 a5 64.Kc1 Rh2 65.Na4 Ra2 66.Nb2
Ke4 67.Rc5 a4 68.Kb1 Ra3 69.Rxc4+ Kd5 70.Rc8 Rh3 71.Kc2 a3 72.Nd3 a2 73.
Ra8 Rh1 74.Nc1 a1=Q 75.Rxa1 Ke4 76.Ra4+ Ke3 77.Nd3 Rh8 78.Rc4 Ra8 79.Nb4 
Rd8 80.Kc3 Kf3 81.Rc7 Ke4 82.Re7+ Kf5 83.Kc4 Rd6 84.Kc5 Re6 85.Rf7+ Rf6 
86.Rh7 Ke4 87.Nd5 Ra6 88.Re7+ Kf5 89.Nc7 Ra1 90.Kd6 Rd1+ 91.Nd5 Rd2 92.
Re5+ Kg4 93.Ke6 Rd3 94.Re1 Kf3 95.Ke5 Ra3 96.Rb1 Ra5 97.Rb3+ Kg4 98.Rc3 
Ra4 99.Nf6+ Kh4 100.Ne4 Ra5+ 101.Kf4 Ra4 102.Rc6 Ra5 103.Nc5 Kh5 104.Nd3 
Ra4+ 105.Kf5 Ra5+ 106.Ne5 Ra4 107.Rc3 Rb4 108.Ra3 Rd4 109.Ra7 Rd6 110.Rg7 
Rb6 111.Rg5+ Kh4 112.Ng6+ Kh3 113.Nf4+ Kh2 114.Rg2+ Kh1 115.Ra2 Rb8 116.
Kg4 Rg8+ 117.Kf3 Rf8 118.Ra7 Kh2 119.Rg7 Kh1 120.Rg4 Rh8 121.Nd3 Rf8+ 122.
Ke2 Kh2 123.Nf2 Ra8 124.Nd1 Re8+ 125.Ne3 Kh3 126.Rg1 Rf8 127.Nd5 Rf5 128.
Ne7 Rf6 129.Ng6 Rf5 1/2-1/2